00418nam a22001337a 450000500170000000800410001704100120005808200130007010000130008324500450009626000860014130000310022765000260025820240507102332.0240507b |||||||| |||| 00| 0 eng d aEnglish a349 LAW  lEnglish  aThe Law Reports: Queen's Bench Division  aLondon: bThe Incorporated Council of Law Reporting for England and Wales, c1956 bxxii, 729 pages; c25 cm.  aLegal practice bLaw